Statistics for Objects by Picture - G

Click here to take the quiz!

General Stats

  • This quiz has been taken 417 times
  • The average score is 14 of 15

Answer Stats

Answer% Correct
Guitar
100%
Grape
98%
Gift
97%
Giraffe
97%
Glasses
97%
Globe
97%
Ghost
96%
Gold
96%
Garlic
95%
Goat
95%
Grass
95%
Garbage
93%
Gate
92%
Goose
92%
Glitter
87%

Score Distribution

Percentile by Number Answered

Percent of People with Each Score

Your Score History

You have not taken this quiz